01660agaaa2200289 45000010005000000030009000050050017000140070009000310080040000400400023000800410013001031000045001161300030001612450151001912500022003422600117003643000034004815080135005155110087006505200382007375380016011195460013011356500054011487000052012027000057012547000059013112811IT-RoPAU20220918181250.0d cvaizq50131s9999||||xx ||| | || ||und|| aIT-RoPAUcIT-RoPAU aITALIANO aSwift DavidgCodice regista SPICS: 22696 aSEGRETO DI POLLYANNA (IL) aSEGRETO DI POLLYANNA (IL)cSceneggiatura: Swift David -- Diretto da: Swift DavidpSEGRETO DI POLLYANNA (IL) (Rif. Codice opera principale : C2811) aEdizione Standard aMILANO (STATI UNITI)bWALT DISNEY COMPANY / Distribuzione: UNIVIDEOg"nd (1° ed.: 1994 ; Ed. Lingua Orig.: nd)" aVHSbsonoro, col.c128 minuti a"Fotografia: Harlan Russell; Montaggio: Gross Frank; Musica: Smith Paul; Sceneggiatura: Swift David; Scenografia: Clark Carroll; " a"Wyman Jane; Egan Richard; Malden Karl; Olson Nancy; Menjou Adolphe; Crisp Donald" aPOLLYANNA UNA DELIZIOSA E VIVACISSIMA ORFANELLA CHE CONQUISTA TUTTI CON LASUA VITALITA' E GIOIA DI VIVERE. SOLO ZIA POLLY SEMBRA TROPPO INDAFFARATA NEI SUOI PICCOLI INTRIGHI PROVINCIALI PER OCCUPARSI DELLA NIPOTE. COSA DOVRA' ACCADERE PERCHE' LA DONNA APRA GLI OCCHI E IMPARI FINALMENTE AD APPREZZARE IL VALORE DELL'AMORE E DELL'ALLEGRIA?. COMMEDIA PER FAMIGLIA. FILM A COLORI. aPAL, STEREO aITALIANO aCOMMEDIAeFILMS [VHS]xCodice MATERIA SPICS: 9960 aSmith Paule(musica)gCodice Musica SPICS: 6978 aSwift David e(regista)gCodice regista SPICS: 22696 aSwift David e(soggetto)gCodice Soggetto SPICS: 22696